1 citation = 1 personnage de tvdu - Statistiques

Statistiques générales
  • Ce quiz a été pris 376 fois
  • Le résultat moyen est 6 sur 32
Statistiques - réponses
Hint Réponse % Correct
Quand je tue des gens, ils sont supposés rester morts. Damon Salvatore
91%
Hello John, goodbye John. Katherine Pierce
73%
La confiance engendre la confiance, on l'obtient quand on l'accorde Elena Gilbert
54%
Pour vaincre le méchant il ne faut pas être malin, il faut être plus méchant que lui. Stefan Salvatore
54%
Quelqu'un qui aime, qui est capable d'avoir des sentiments, c'est évidemment une personne qui pourra être sauvée. Caroline Forbes
47%
Toc toc toc, toc toc qui est la, c'est le maire quel est votre nom ? (...) Personne, c'est sa la blague. Y'a personne puisque j'ai tué le maire. Silas
45%
L'amour sera toujours un pari sur l'avenir, un saut dans l'inconnu par dessus un volcan en éruption. Bonnie Bennett
30%
Hello gorgeous... Enzo St.John
30%
Le double Petrova, hum l'original était beaucoup plus joli. Rebekah Mikaelson
26%
Et bien ce n'est pas difficile d'être loyal quand tu es dans l'équipe gagnante. Klaus Mikaelson
25%
La seule chose que j'aime chez moi, c'est toi. Tyler Lockwood
21%
Tu as une bonne initiative mais tu n'y connais rien. Elle ne te pardonnera jamais. Et jamais pour un vampire, c'est l'éternité. Elijah Mikaelson
17%
Une fois que tu tombes amoureux, je ne pense pas que tu puisses oublier cette personne. Matt Donovan
17%
On ne gagnes pas à tous les coups. Enfin...sauf moi, moi je gagne toujours. Kai Parker
15%
Dis moi à quel point je suis beau. Kol Mikaelson
13%
Si cette prophétie se réalise, vous tomberez tous. Freya Mikaelson
12%
Je l'ai été (morte) pendant 2000ans, mais je suis revenue...pour vous. Qetsiyah Bennett
11%
Love Stefan, that's the point. Lexi Branson
10%
L'art implique généralement la culture et la culture implique...pas toi ! Jeremy Gilbert
9%
Quelle meilleure cachette que celle dont l'acteur est introuvable ? Alaric Saltzman
7%
Asseyez vous, taisez vous et écoutez. Hayley Marshall
7%
J'ai affrontée des monstres plus effrayants que tout ce que vous pouvez imaginer... Hope Mikaelson
4%
Si les liens du sang t'abandonnent, crées-en d'autres. Marcel Gerard
4%
Je suis un fantôme. Pas Dieu. Mason Lockwood
4%
La mort danse silencieusement dans les ombres de tout le monde, et elle s'en fout, alors...pourquoi se soucier d'elle ? Camille O'Connell
3%
Vous savez, c'est impoli de regarder les gens comme sa. *Claquement de doigts* Davina Claire
3%
Tu as un si grand coeur. C'est bien de laisser les autres le voir. Jo Laughlin
3%
je t'aime **** *******, je t'aimais même si je ne me souvenais pas de toi. Je t'aimais quand j'étais mort, je pense que je le ferai toujours. Landon Kirby
3%
Il y a une solution à tous tes problèmes.La mort. Vicki Donovan
3%
La peur n'est qu'un obstacle, et les obstacles doivent être surmontés. Josie Saltzman
1%
Je vais prendre le vampire mignon, je suppose. Lizzie Saltzman
1%
Si nous désobéissons, alors ils nous éviteront Vincent Griffith
1%
Aucun quiz correspondant
Distribution des résultats
% des personnes avec chaque résultat
Percentile par nombre de réponses
Votre historique - résultats
Vous n’avez pas pris ce quiz